LEADER 01701nam a2200313 u 4500 001 000000021615 003 CaOOAMICUS 005 20070226111031.0 008 950328s1978 be u000 u eng u 035 $a10536792 040 $aBAV$bita$dIPA$dEFR 041 1 $aeng$asyr 100 0 $aPhiloxenus,$cvesc. di Hierapolis,$dm. c. 523.$0(OLS)http://pul/name/18530 245 10$aFragments of the Commentary on Matthew and Luke /$cPhiloxenus of Mabbug ; edited [-translated] by J.W. Watt. 260 $aLouvain :$bSecrétariat du CorpusSCO,$c1978. 300 $a2 v. ;$c25 cm 490 1 $aCorpus scriptorum Christianorum Orientalium ;$vv. 392-393.$aScriptores Syri ;$vt. 171-172 505 0 $at. 171. [Texte]. -- t. 172. [Traduction]. 630 04$aBiblia.$pN.T.$pLucas$xCommenti.$0(OLS)http://pul/subject/37891 630 04$aBiblia.$pN.T.$pMatthaeus$xCommenti.$0(OLS)http://pul/subject/37786 700 1 $aWatt, J. W.$q(John W.).$0(OLS)http://pul/name/15844 830 0$aCorpus scriptorum Christianorum Orientalium ;$vv. 392-393.$0(OLS)http://pul/title/40 830 0$aCorpus scriptorum Christianorum Orientalium.$pScriptores Syri ;$vt. 171-172.$0(OLS)http://pul/title/600 850 $aPUL 852 $aPUL$W1$xSL Religione 1$y3$m10(3) H 392-393$j30358$nBK-PRI$b $qStampati$B30358$CPULBib$Z2$F30358 $H89830-89831 $81 852 $aPUL$W1$xSL Religione 1$y3$m10(3) H 392-393$j30358$nBK-PRI$b $qStampati$B30359$CPULBib$Z2$F30359 $H89830-89831 $81 941 1 $a8 996 $6245$aFragments of the Commentary on Matthew and Luke$9(OLS)http://pul/title/30245 996 $6260$aLouvain :$bSecrétariat du CorpusSCO$9(OLS)http://pul/publisher/47859 LEADER 01308nam a2200325 a 4500 001 000000175393 003 CaOOAMICUS 005 20220823141659.0 008 220823t2019 it 001 0 ita r 020 $a978-88-16-41516-4* 032 $aLibriCat 040 $aPUL$bita$d 082 04$a294.3 100 1 $aPanikkar, Raimundo,$cS.I.,$d1918-2010.$0(OLS)http://pul/name/15891 245 10$aBuddhismo /$cRaimon Panikkar. 260 $aMilano :$bJaca Book,$c©2019. 300 $aXIII, 446 p. ;$c24 cm 490 1 $aOpera omnia / Raimon Panikkar ;$v05 504 $aBibliografia p. 379-428. 650 4$aBuddismo.$0(OLS)http://pul/subject/39882 800 1 $aPanikkar, Raimundo,$cS.I.,$d1918-2010.$tOpera omnia ;$v05.$0(OLS)http://pul/nameTitle/836$0(OLS)http://pul/name/15891$0(OLS)http://pul/title/2415 850 $aPUL 852 $aPUL$W1$xSL Religione 3$y85$m230. 092 PANRA 1.5$j199597$qDDC 21$B204317$CPULBib$Z2$F204317 $H175732 $82 941 1 $a9 960 $aBuddhismo$939882 996 $6020$a978-88-16-41516-4*$9(OLS)http://pul/number/168787 996 $6082$a294.3$9(OLS)http://pul/classification/2576 996 $6245$aBuddhismo$9(OLS)http://pul/title/64850 996 $6260$aMilano :$bJaca Book$9(OLS)http://pul/publisher/47900